[Event "14.Zlata Praha-B"]
[Site "Praha"]
[Date "2018.07.01"]
[Round "2.13"]
[White "Veselsky, Jan"]
[Black "Sakovski, Roman"]
[Result "0-1"]
[WhiteElo "1720"]
[BlackElo "1000"]
[PlyCount "84"]
[EventDate "2018.06.30"]
[EventType "swiss"]
[EventRounds "9"]
[EventCountry "CZE"]

1. d4 d6 2. c4 e5 3. Nf3 Bg4 4. dxe5 Nc6 5. exd6 Bxd6 6. Nc3 Nf6 7. Bg5 h6 8.
Bh4 Bf5 9. e3 Nb4 10. e4 Qe7 11. Be2 Bxe4 12. O-O O-O-O 13. Qa4 g5 14. Bg3 Bc5
15. a3 Bc6 16. Qb3 Nd3 17. Bxd3 Rxd3 18. Rfe1 Ne4 19. Qc2 Rhd8 20. Ne5 Bxf2+
21. Bxf2 Qxe5 22. Qe2 f5 23. Nd5 Bxd5 24. Qxd3 Qxb2 25. Bd4 Bxc4 26. Qxc4 Qxd4+
27. Qxd4 Rxd4 28. Rf1 Rd5 29. Rae1 c5 30. Rc1 Kd7 31. g3 Ke6 32. Kg2 Rd2+ 33.
Kf3 Rd3+ 34. Ke2 Rxa3 35. g4 f4 36. Rfe1 f3+ 37. Kf1 Kd5 38. Rcd1+ Ke5 39. Rc1
Kf4 40. Rc4 Re3 41. Ra1 a6 42. Raa4 b5 0-1

[Event "14.Zlata Praha-B"]
[Site "Praha"]
[Date "2018.07.01"]
[Round "2.14"]
[White "Postranecka, Zuzana"]
[Black "Zabehlicky, Jiri"]
[Result "1-0"]
[WhiteElo "1501"]
[BlackElo "1490"]
[PlyCount "123"]
[EventDate "2018.06.30"]
[EventType "swiss"]
[EventRounds "9"]
[EventCountry "CZE"]

1. e4 e5 2. Nf3 Nc6 3. Nc3 Nf6 4. d4 exd4 5. Nxd4 d6 6. Bg5 Be7 7. Nxc6 bxc6 8.
Bd3 h6 9. Bh4 Bb7 10. O-O Qd7 11. Qe2 Qg4 12. Qxg4 Nxg4 13. Bxe7 Kxe7 14. f4
Rae8 15. h3 Nf6 16. Rae1 Nd7 17. e5 Kd8 18. exd6 cxd6 19. Ne4 Kc7 20. c4 Re6
21. Re2 Rhe8 22. Rfe1 d5 23. cxd5 cxd5 24. Nc3 Rxe2 25. Rxe2 Rxe2 26. Bxe2 Bc6
27. Bf3 d4 28. Nd5+ Bxd5 29. Bxd5 f6 30. Kf2 Kd6 31. Bc4 Nb6 32. Bb3 Kc5 33.
Ke2 Nc8 34. Kd3 Nd6 35. g4 g5 36. fxg5 fxg5 37. Be6 Nb5 38. Bc4 Nd6 39. Be6 Nb5
40. Bd7 Nd6 41. a3 Nc4 42. b4+ Kd5 43. Bc6+ Kxc6 44. Kxc4 d3 45. Kxd3 Kb5 46.
Kc3 Ka4 47. Kb2 a6 48. Ka2 Kb5 49. Kb3 Kb6 50. Kc4 Kc6 51. a4 Kb6 52. Kd5 Kc7
53. Kc5 Kb7 54. b5 a5 55. Kd6 Kb6 56. Kd5 Kc7 57. Kc5 Kb7 58. b6 Kb8 59. Kc6
Kc8 60. Kb5 Kb8 61. Kxa5 Kb7 62. Kb5 1-0

[Event "14.Zlata Praha-B"]
[Site "Praha"]
[Date "2018.07.01"]
[Round "2.15"]
[White "Nemecek, Pavel ml."]
[Black "Rous, Dominik"]
[Result "1/2-1/2"]
[WhiteElo "1383"]
[BlackElo "1226"]
[PlyCount "40"]
[EventDate "2018.06.30"]
[EventType "swiss"]
[EventRounds "9"]
[EventCountry "CZE"]

1. e4 g6 2. d4 d6 3. Nc3 Bg7 4. h3 Nc6 5. Nf3 Nf6 6. Bc4 O-O 7. O-O Nd7 8. Bg5
Nb6 9. Bb3 Na5 10. Re1 Nxb3 11. axb3 f6 12. Bh4 Qe8 13. Qd2 g5 14. Bg3 Qg6 15.
Rad1 Bh6 16. Qd3 g4 17. Nh4 Qh5 18. hxg4 Qxg4 19. Nf5 Bxf5 20. exf5 Rf7 1/2-1/2

[Event "14.Zlata Praha-B"]
[Site "Praha"]
[Date "2018.07.01"]
[Round "2.16"]
[White "Tichy, Tomas"]
[Black "Gacho, Ondrej"]
[Result "0-1"]
[WhiteElo "1180"]
[BlackElo "1337"]
[PlyCount "102"]
[EventDate "2018.06.30"]
[EventType "swiss"]
[EventRounds "9"]
[EventCountry "CZE"]

1. e4 c5 2. b4 cxb4 3. a3 e5 4. axb4 Bxb4 5. c3 Be7 6. d4 Nc6 7. d5 Nb8 8. Nf3
d6 9. Bd3 Nf6 10. c4 Nbd7 11. O-O Nc5 12. Be3 Nfxe4 13. Bxc5 Nxc5 14. Qc2 Nxd3
15. Qxd3 O-O 16. Nc3 Bd7 17. Qe3 a6 18. Ne4 Bg4 19. Ng3 Rc8 20. Rac1 b6 21. h3
Bd7 22. Qd3 a5 23. Nh2 f5 24. f4 exf4 25. Rxf4 Bg5 26. Qd4 Bxf4 27. Qxf4 Rf6
28. Nhf1 Qe8 29. Ne3 Qe5 30. Qf3 f4 31. Ne4 fxe3 32. Nxf6+ gxf6 33. Qe2 Bb5 34.
Qg4+ Kf7 35. Qxc8 Be8 36. Qe6+ Qxe6 37. dxe6+ Kxe6 38. Re1 Kd7 39. Rxe3 Bf7 40.
Rb3 Kc6 41. Rc3 Kc5 42. Rf3 Bxc4 43. Rxf6 Bd3 44. Rf3 Be4 45. Rg3 b5 46. Kf1 a4
47. Ke1 b4 48. Kd1 b3 49. Kc1 Kb4 50. Kb2 a3+ 51. Kc1 b2+ 0-1

[Event "14.Zlata Praha-B"]
[Site "Praha"]
[Date "2018.07.01"]
[Round "2.17"]
[White "Tesar, Jakub"]
[Black "Melnikov, Ivan"]
[Result "0-1"]
[WhiteElo "1299"]
[BlackElo "1165"]
[PlyCount "40"]
[EventDate "2018.06.30"]
[EventType "swiss"]
[EventRounds "9"]
[EventCountry "CZE"]

1. d4 Nf6 2. c4 g6 3. g3 Bg7 4. Bg2 O-O 5. Bf4 d6 6. Nd2 c5 7. e3 Nc6 8. Qb3
cxd4 9. Bxc6 dxe3 10. Bxb7 exd2+ 11. Bxd2 Rb8 12. Qa4 Bxb7 13. Ba5 Qd7 14. Qxd7
Nxd7 15. f3 Ba6 16. Bc3 Bxc3+ 17. bxc3 Bxc4 18. Ne2 Rb2 19. Nc1 Ne5 20. f4 Nf3+
0-1

[Event "14.Zlata Praha-B"]
[Site "Praha"]
[Date "2018.07.02"]
[Round "3.1"]
[White "Gregor, Jiri"]
[Black "Groh, Jiri"]
[Result "1-0"]
[WhiteElo "2290"]
[BlackElo "2097"]
[PlyCount "95"]
[EventDate "2018.06.30"]
[EventType "swiss"]
[EventRounds "9"]
[EventCountry "CZE"]

1. d4 d5 2. Nf3 Nf6 3. c4 e6 4. Nc3 Be7 5. Bg5 O-O 6. e3 h6 7. Bh4 b6 8. cxd5
Nxd5 9. Bxe7 Qxe7 10. Rc1 Bb7 11. Bd3 Rc8 12. O-O Nd7 13. Nxd5 Bxd5 14. Ba6 Rd8
15. Rxc7 Qd6 16. Rc3 Bxa2 17. b3 Qa3 18. Qe2 Qb4 19. Qc2 Qa5 20. Be2 Nf6 21.
Ra1 Nd5 22. Rc4 Bxb3 23. Qb2 Qb5 24. Rcc1 Qb4 25. Nd2 Rdc8 26. Nxb3 Nc3 27. Bf3
Rab8 28. Rxa7 Na4 29. Rxa4 Qxa4 30. Rb1 Qb4 31. g3 Rc7 32. Nd2 Qa5 33. Kg2 b5
34. Nb3 Qa7 35. Nc5 Qb6 36. Qb4 e5 37. h4 exd4 38. exd4 Ra7 39. Rb2 Qd6 40. d5
Rc7 41. Nd3 Qf6 42. Qa5 Qc3 43. Rxb5 Qxa5 44. Rxa5 Rc3 45. Nc5 Rc2 46. d6 Rd2
47. Nb7 Rb2 48. d7 1-0

[Event "14.Zlata Praha-B"]
[Site "Praha"]
[Date "2018.07.02"]
[Round "3.2"]
[White "Kronowetter, Borivoj"]
[Black "Janacek, Jaroslav"]
[Result "0-1"]
[WhiteElo "1895"]
[BlackElo "1989"]
[PlyCount "58"]
[EventDate "2018.06.30"]
[EventType "swiss"]
[EventRounds "9"]
[EventCountry "CZE"]

1. e4 c5 2. Nf3 Nc6 3. d4 cxd4 4. Nxd4 Nf6 5. Nc3 e5 6. Ndb5 d6 7. Bg5 a6 8.
Na3 b5 9. Nd5 Be7 10. Bxf6 Bxf6 11. c4 Qa5+ 12. Qd2 Qxd2+ 13. Kxd2 Bg5+ 14. Kd1
O-O 15. cxb5 Nd4 16. bxa6 f5 17. h4 Bd8 18. exf5 Bxf5 19. f3 Kh8 20. Nc4 Rxa6
21. Nce3 Ra5 22. Bc4 g5 23. h5 g4 24. fxg4 Bd7 25. b3 Bg5 26. Rf1 Bxg4+ 27.
Nxg4 Rxf1+ 28. Bxf1 Nxb3 29. Rb1 Rxd5+ 0-1

[Event "14.Zlata Praha-B"]
[Site "Praha"]
[Date "2018.07.02"]
[Round "3.3"]
[White "Drabek, Vojtech"]
[Black "Krivanek, Vladimir"]
[Result "1/2-1/2"]
[WhiteElo "2130"]
[BlackElo "2109"]
[PlyCount "128"]
[EventDate "2018.06.30"]
[EventType "swiss"]
[EventRounds "9"]
[EventCountry "CZE"]

1. e4 e6 2. d4 d5 3. Nd2 a6 4. Ngf3 c5 5. exd5 exd5 6. dxc5 Bxc5 7. Nb3 Bd6 8.
Be2 Ne7 9. O-O O-O 10. Bg5 Nbc6 11. Qd2 Qc7 12. h3 Bf5 13. Nfd4 Be4 14. Nxc6
bxc6 15. c4 h6 16. Be3 Nf5 17. Bc5 Bh2+ 18. Kh1 Rfd8 19. cxd5 Bxd5 20. Qc2 Nh4
21. f3 Be5 22. Rad1 Ng6 23. Bd3 Nf4 24. Be4 Ne6 25. Be3 Qe7 26. Rfe1 Qf6 27.
Na5 Nf4 28. Nxc6 Rdc8 29. Bxd5 Nxd5 30. Rxd5 Rxc6 31. Qe4 Bxb2 32. Rf5 Qg6 33.
Bf4 Rac8 34. Rd5 Re6 35. Qb1 Rc2 36. Rd2 Rxd2 37. Bxd2 Rxe1+ 38. Qxe1 Qf6 39.
Qe4 Be5 40. Be3 Bg3 41. Bd4 Qg5 42. Qe8+ Kh7 43. Qe4+ f5 44. Qc2 h5 45. Bf2 h4
46. Bxg3 hxg3 47. Qb1 Qf4 48. Qc2 Qe5 49. Qb1 Qc5 50. Qe1 Qf2 51. Qb1 Kg6 52.
Qa1 f4 53. Qb1+ Kg5 54. Qa1 Kh6 55. Qb1 a5 56. Qc1 Qe3 57. Qa1 a4 58. a3 Kh5
59. Qb1 g6 60. Qa1 Kg5 61. h4+ Kxh4 62. Qh8+ Kg5 63. Qd8+ Kf5 64. Qf6+ Kxf6
1/2-1/2

[Event "14.Zlata Praha-B"]
[Site "Praha"]
[Date "2018.07.02"]
[Round "3.4"]
[White "Fiser, Jiri"]
[Black "Rudiano, Nicolas"]
[Result "0-1"]
[WhiteElo "1914"]
[BlackElo "2053"]
[PlyCount "82"]
[EventDate "2018.06.30"]
[EventType "swiss"]
[EventRounds "9"]
[EventCountry "CZE"]

1. e4 c5 2. Nf3 a6 3. c3 d5 4. exd5 Qxd5 5. d4 Nf6 6. Be3 cxd4 7. cxd4 e6 8.
Nc3 Qd8 9. Be2 Be7 10. O-O O-O 11. Ne5 Nbd7 12. Nxd7 Bxd7 13. Bf3 Bc6 14. Bxc6
bxc6 15. Qc2 Qa5 16. a3 Qh5 17. Ne4 Nxe4 18. Qxe4 Qd5 19. f3 Rfb8 20. Rf2 Rb3
21. Re1 Bf6 22. Qxd5 cxd5 23. Rd2 Rc8 24. Kf2 Kf8 25. Ree2 Ke8 26. Rc2 Rxc2 27.
Rxc2 Kd7 28. f4 h5 29. g3 a5 30. Ke2 a4 31. Kd2 Bd8 32. Ke2 Be7 33. Kd2 g6 34.
Ke2 Bd8 35. Bc1 h4 36. Rc3 Rxc3 37. bxc3 hxg3 38. hxg3 Kc6 39. Kd3 Kb5 40. Bd2
Be7 41. Bc1 Bd6 0-1

[Event "14.Zlata Praha-B"]
[Site "Praha"]
[Date "2018.07.02"]
[Round "3.5"]
[White "Nemecek, Pavel st."]
[Black "Salac, Jiri"]
[Result "0-1"]
[WhiteElo "1886"]
[BlackElo "2007"]
[PlyCount "62"]
[EventDate "2018.06.30"]
[EventType "swiss"]
[EventRounds "9"]
[EventCountry "CZE"]

1. e4 c5 2. Nf3 d6 3. d4 cxd4 4. Nxd4 Nf6 5. Nc3 a6 6. Bd3 Nbd7 7. O-O e6 8.
Qe2 Be7 9. Nb3 O-O 10. f4 Qc7 11. Bd2 b5 12. a3 Bb7 13. Rae1 e5 14. g4 Nb6 15.
g5 Nfd7 16. Na5 exf4 17. Nxb7 Qxb7 18. Bxf4 Ne5 19. Qh5 Qd7 20. Nd5 Bd8 21.
Bxe5 dxe5 22. Re3 Nxd5 23. Rh3 h6 24. gxh6 Nf4 25. Rxf4 exf4 26. hxg7 Qd4+ 27.
Kf1 Qxg7 28. e5 Re8 29. Qf3 Qxe5 30. Qxa8 Qe1+ 31. Kg2 Bb6 0-1

[Event "14.Zlata Praha-B"]
[Site "Praha"]
[Date "2018.07.02"]
[Round "3.6"]
[White "Koper, Stefan"]
[Black "Sargsyan, Karen"]
[Result "1/2-1/2"]
[WhiteElo "1841"]
[BlackElo "1961"]
[PlyCount "128"]
[EventDate "2018.06.30"]
[EventType "swiss"]
[EventRounds "9"]
[EventCountry "CZE"]

1. d4 e6 2. c4 d5 3. cxd5 exd5 4. Nc3 Nf6 5. Bg5 Be7 6. e3 c6 7. Nf3 Bf5 8. Bd3
Ne4 9. Bxe7 Qxe7 10. Qc2 Nd7 11. Nd2 Ndf6 12. Bxe4 Nxe4 13. Ndxe4 dxe4 14. O-O
O-O 15. f4 Rad8 16. Ne2 Rfe8 17. Rac1 Bg4 18. Ng3 Rd6 19. Qf2 Bc8 20. Rc5 Rd5
21. Rfc1 g6 22. a3 Bd7 23. b4 Qd6 24. Qc2 f5 25. Ne2 b6 26. Rxd5 Qxd5 27. Qc4
Qxc4 28. Rxc4 Rc8 29. Rc3 Kf7 30. Kf2 Ke6 31. h3 Kd6 32. Rc1 h5 33. Kg3 Ra8 34.
Kh4 a5 35. bxa5 Rxa5 36. Rc3 Rb5 37. g4 hxg4 38. hxg4 fxg4 39. Ng3 Bf5 40. Kg5
Rd5 41. Kf6 c5 42. Ne2 g3 43. Nxg3 cxd4 44. exd4 Rxd4 45. Nxf5+ gxf5 46. Kxf5
Rd3 47. Rc8 Rxa3 48. Re8 Ra4 49. Re6+ Kd5 50. Re5+ Kc6 51. Rxe4 Ra3 52. Ke6 b5
53. f5 Ra4 54. Re1 b4 55. f6 Kb5 56. f7 Ra6+ 57. Ke7 Ra7+ 58. Kf6 Rxf7+ 59.
Kxf7 b3 60. Ke6 Kc4 61. Ke5 b2 62. Ke4 Kc3 63. Ke3 Kc2 64. Re2+ Kc1 1/2-1/2

[Event "14.Zlata Praha-B"]
[Site "Praha"]
[Date "2018.07.02"]
[Round "3.7"]
[White "Pokorny, Jan"]
[Black "Cabart, Pavel"]
[Result "1/2-1/2"]
[WhiteElo "1879"]
[BlackElo "1724"]
[PlyCount "102"]
[EventDate "2018.06.30"]
[EventType "swiss"]
[EventRounds "9"]
[EventCountry "CZE"]

1. Nf3 Nf6 2. c4 g6 3. Nc3 Bg7 4. e4 d6 5. Be2 O-O 6. O-O c5 7. Qc2 Nc6 8. a3
Bg4 9. d3 Bxf3 10. Bxf3 Nd4 11. Qd1 Rb8 12. Rb1 b5 13. Nxb5 Nxb5 14. cxb5 Rxb5
15. d4 Nd7 16. dxc5 Nxc5 17. b4 Qb8 18. Bg5 f6 19. bxc5 fxg5 20. Rxb5 Qxb5 21.
cxd6 exd6 22. Qxd6 Kh8 23. Qd5 Qa4 24. Qc5 Re8 25. Bd1 Qa6 26. Qxg5 Qxa3 27.
Qd5 Qb4 28. Qd7 Qxe4 29. Qxa7 Rd8 30. Qf7 Rf8 31. Bf3 Qa4 32. Qc7 Qb5 33. h3
Be5 34. Qc6 Qb8 35. Rd1 Rd8 36. g3 Rxd1+ 37. Bxd1 Qd6 38. Qf3 Kg7 39. Bb3 Qf6
40. Qd5 Bd4 41. Qg2 Qb6 42. Bd5 Qc5 43. Bf3 Qc2 44. Qf1 Qf5 45. Kg2 Qc5 46. g4
g5 47. Qe2 Qe5 48. Qa6 Qf6 49. Qb7+ Kh6 50. Qe4 Be5 51. Be2 Qf4 1/2-1/2

[Event "14.Zlata Praha-B"]
[Site "Praha"]
[Date "2018.07.02"]
[Round "3.8"]
[White "Pribyl, Josef"]
[Black "Krnak, Vladimir"]
[Result "1-0"]
[WhiteElo "2263"]
[BlackElo "1712"]
[PlyCount "65"]
[EventDate "2018.06.30"]
[EventType "swiss"]
[EventRounds "9"]
[EventCountry "CZE"]

1. Nf3 Nf6 2. c4 g6 3. Nc3 Bg7 4. g3 O-O 5. Bg2 d6 6. O-O a6 7. a3 Nc6 8. d3
Rb8 9. Rb1 Bd7 10. b4 b5 11. Bd2 Qc8 12. Rc1 Nd8 13. Qb3 e5 14. Rfd1 Ne6 15. e3
h5 16. c5 Qd8 17. d4 exd4 18. exd4 dxc5 19. dxc5 Qc8 20. Ne5 c6 21. Be3 Rb7 22.
Rd6 Rc7 23. Nxd7 Nxd7 24. Bh3 Be5 25. Bxe6 Bxd6 26. cxd6 Rb7 27. Nd5 Kg7 28.
Bd4+ Kh6 29. Qe3+ g5 30. h4 Qd8 31. hxg5+ Qxg5 32. Bg7+ Kg6 33. Ne7+ 1-0

[Event "14.Zlata Praha-B"]
[Site "Praha"]
[Date "2018.07.02"]
[Round "3.9"]
[White "Stepanek, Svatopluk"]
[Black "Vit, Zdenek"]
[Result "1/2-1/2"]
[WhiteElo "1841"]
[BlackElo "1707"]
[PlyCount "143"]
[EventDate "2018.06.30"]
[EventType "swiss"]
[EventRounds "9"]
[EventCountry "CZE"]

1. d4 Nf6 2. Bf4 d5 3. e3 g6 4. Nc3 Bg7 5. Nf3 O-O 6. Bd3 c6 7. h3 b6 8. Qd2
Bb7 9. e4 dxe4 10. Nxe4 Nxe4 11. Bxe4 Nd7 12. c3 Nf6 13. Bc2 Rc8 14. O-O c5 15.
Rfe1 cxd4 16. cxd4 e6 17. Rad1 Bd5 18. Bb1 Qd7 19. Ne5 Qb7 20. f3 Nd7 21. Bh6
Nxe5 22. dxe5 f5 23. a3 Bxh6 24. Qxh6 Qg7 25. Qxg7+ Kxg7 26. Rc1 Kf7 27. Bd3
Bb7 28. Bb5 Ke7 29. Red1 Rxc1 30. Rxc1 Rc8 31. Rxc8 Bxc8 32. Kf2 g5 33. Kg3 Bb7
34. Kf2 h6 35. g3 Bd5 36. Ke3 Bb7 37. f4 Bg2 38. fxg5 hxg5 39. h4 gxh4 40. gxh4
Kf7 41. Kf4 Kg6 42. Bc4 Kf7 43. h5 Bc6 44. Kg5 Bd7 45. h6 Kg8 46. Be2 Bc8 47.
Bh5 Bb7 48. Be8 Bd5 49. Bd7 Kh7 50. Be8 Bc4 51. Bd7 Bb3 52. Bc6 Bc4 53. Be8 Bd5
54. Bg6+ Kh8 55. Bxf5 exf5 56. Kxf5 Kh7 57. e6 Bc6 58. Kf6 Kxh6 59. Ke7 Kg5 60.
Kf8 Kf6 61. e7 Ke5 62. e8=Q+ Bxe8 63. Kxe8 Kd6 64. Kd8 Kc6 65. Kc8 b5 66. Kb8
Kb6 67. Kc8 a5 68. Kd7 Kc5 69. Ke6 a4 70. Ke5 b4 71. Ke4 Kc4 72. Ke3 1/2-1/2

[Event "14.Zlata Praha-B"]
[Site "Praha"]
[Date "2018.07.02"]
[Round "3.10"]
[White "Feierfeil, Jiri"]
[Black "Rosenbaumova, Lea"]
[Result "0-1"]
[WhiteElo "1807"]
[BlackElo "1662"]
[PlyCount "100"]
[EventDate "2018.06.30"]
[EventType "swiss"]
[EventRounds "9"]
[EventCountry "CZE"]

1. d4 Nf6 2. c4 e6 3. Nc3 d5 4. e3 Bb4 5. a3 Be7 6. b4 b6 7. Nf3 Bb7 8. Bb2
Nbd7 9. c5 c6 10. Bd3 Qc7 11. Ne2 a5 12. O-O Ba6 13. Qc2 Bxd3 14. Qxd3 O-O 15.
Rfc1 Qb7 16. cxb6 axb4 17. a4 Nxb6 18. a5 Nc4 19. Rxc4 dxc4 20. Qxc4 Rfc8 21.
Qd3 Qa6 22. Qd1 c5 23. dxc5 Rxc5 24. Bd4 Rxa5 25. Rb1 Rd8 26. Qe1 Nd7 27. Nc1
e5 28. Bb2 Qc4 29. Qe2 Qxe2 30. Nxe2 f6 31. g3 Nc5 32. Ne1 Nd3 33. Nxd3 Rxd3
34. Kg2 Ra2 35. Nc1 Rd1 36. Kf3 Rxb2 37. Rxb2 Rxc1 38. Ke4 Rc3 39. Kd5 b3 40.
Ke6 Ba3 41. Rd2 b2 42. Rd8+ Bf8 43. Rb8 Rc2 44. h4 Rxf2 45. h5 h6 46. e4 Rc2
47. g4 Kh7 48. Kf7 Ba3 49. g5 fxg5 50. Rg8 Rc7+ 0-1

[Event "14.Zlata Praha-B"]
[Site "Praha"]
[Date "2018.07.02"]
[Round "3.11"]
[White "Konvalinka, Vladislav"]
[Black "Sakovski, Roman"]
[Result "0-1"]
[WhiteElo "1725"]
[BlackElo "1000"]
[PlyCount "50"]
[EventDate "2018.06.30"]
[EventType "swiss"]
[EventRounds "9"]
[EventCountry "CZE"]

1. d4 d6 2. Nf3 Bg4 3. e4 e5 4. dxe5 Nc6 5. Be2 h5 6. Bg5 f6 7. exf6 gxf6 8.
Bh4 Qd7 9. h3 Be6 10. Nd4 O-O-O 11. Nxe6 Qxe6 12. Nc3 Kb8 13. Bxh5 Nge7 14. O-O
Qe5 15. g4 Bh6 16. Bg3 Bf4 17. Qf3 Bxg3 18. Qxg3 Qe6 19. a3 Rxh5 20. Qd3 Ne5
21. Qg3 Rh4 22. f4 N5g6 23. f5 Qe5 24. Qf2 Rxh3 25. fxg6 Rg3+ 0-1

[Event "14.Zlata Praha-B"]
[Site "Praha"]
[Date "2018.07.02"]
[Round "3.12"]
[White "Kosar, Milan"]
[Black "Mach, Petr"]
[Result "1/2-1/2"]
[WhiteElo "1659"]
[BlackElo "1656"]
[PlyCount "61"]
[EventDate "2018.06.30"]
[EventType "swiss"]
[EventRounds "9"]
[EventCountry "CZE"]

1. e4 c5 2. Nf3 Nc6 3. d4 cxd4 4. Nxd4 Nf6 5. Nc3 e6 6. Ndb5 d6 7. Bf4 Ne5 8.
Bxe5 dxe5 9. Qxd8+ Kxd8 10. Rd1+ Bd7 11. Nd6 Bxd6 12. Rxd6 Ke7 13. Rd2 a6 14.
Be2 Bc6 15. Bd3 Rhd8 16. Ke2 Rd4 17. f3 Rad8 18. Rhd1 Nd7 19. a3 Nc5 20. Ke3
Na4 21. Nxa4 Bxa4 22. b3 Bc6 23. c4 a5 24. Be2 Rxd2 25. Rxd2 Rxd2 26. Kxd2 Kd6
27. Kc3 b6 28. b4 axb4+ 29. axb4 Bb7 30. Kb3 Bc8 31. Bd3 1/2-1/2

[Event "14.Zlata Praha-B"]
[Site "Praha"]
[Date "2018.07.02"]
[Round "3.13"]
[White "Gacho, Ondrej"]
[Black "Nemecek, Lukas"]
[Result "0-1"]
[WhiteElo "1337"]
[BlackElo "1651"]
[PlyCount "64"]
[EventDate "2018.06.30"]
[EventType "swiss"]
[EventRounds "9"]
[EventCountry "CZE"]

1. c4 f5 2. Nc3 e6 3. Nf3 Nf6 4. g3 c6 5. Bg2 d5 6. cxd5 cxd5 7. d3 Nc6 8. O-O
Bd6 9. Be3 a6 10. a3 O-O 11. Qd2 Bd7 12. Bg5 Rc8 13. Bf4 Qe7 14. d4 Bxf4 15.
Qxf4 Ne4 16. Qc1 Na5 17. Qe1 Nxc3 18. bxc3 Rc7 19. Qd2 Nb3 20. Qb2 Nxa1 21.
Rxa1 Rfc8 22. Rc1 b5 23. Ne5 Be8 24. Bf1 a5 25. e3 b4 26. axb4 axb4 27. c4 dxc4
28. Bxc4 Bb5 29. Qb3 Bxc4 30. Rxc4 Rxc4 31. Nxc4 Qb7 32. Nd6 Rc1+ 0-1

[Event "14.Zlata Praha-B"]
[Site "Praha"]
[Date "2018.07.02"]
[Round "3.14"]
[White "Zacek, Petr"]
[Black "Melnikov, Ivan"]
[Result "0-1"]
[WhiteElo "1528"]
[BlackElo "1165"]
[PlyCount "106"]
[EventDate "2018.06.30"]
[EventType "swiss"]
[EventRounds "9"]
[EventCountry "CZE"]

1. e4 c5 2. Nf3 Nc6 3. d4 cxd4 4. Nxd4 g6 5. Be3 Bg7 6. Nc3 d6 7. Bc4 Nf6 8. f3
O-O 9. Qd2 Ne5 10. Bb3 Ned7 11. h4 Nc5 12. g4 Nxb3 13. axb3 d5 14. e5 Nd7 15.
f4 f6 16. Ne6 Nxe5 17. fxe5 Bxe6 18. Rg1 fxe5 19. O-O-O d4 20. Bh6 dxc3 21.
Qxc3 Bxh6+ 22. g5 Bxg5+ 23. hxg5 Qc8 24. Qe3 Bf5 25. c3 Qc6 26. Qxe5 Qe4 27.
Qd5+ Qxd5 28. Rxd5 Rad8 29. Rgd1 Rxd5 30. Rxd5 Be6 31. Rb5 b6 32. c4 Rf5 33.
Rxf5 Bxf5 34. Kd2 Kf7 35. b4 Ke6 36. Ke2 a5 37. bxa5 bxa5 38. Ke3 Kd6 39. Kd4
e5+ 40. Kc3 Kc5 41. b3 e4 42. Kd2 Kd4 43. Ke1 Kd3 44. c5 e3 45. c6 Kc3 46. Ke2
Kxb3 47. Kxe3 a4 48. c7 a3 49. Kd2 a2 50. Ke3 a1=Q 51. Kf4 Qf1+ 52. Kg3 Qd3+
53. Kh4 Qh3# 0-1

[Event "14.Zlata Praha-B"]
[Site "Praha"]
[Date "2018.07.02"]
[Round "3.15"]
[White "Vavrova, Jirina"]
[Black "Postranecka, Zuzana"]
[Result "0-1"]
[WhiteElo "1124"]
[BlackElo "1501"]
[PlyCount "78"]
[EventDate "2018.06.30"]
[EventType "swiss"]
[EventRounds "9"]
[EventCountry "CZE"]

1. e4 e5 2. Nf3 Nf6 3. Nc3 Nc6 4. d4 exd4 5. Nxd4 Bb4 6. a3 Bxc3+ 7. bxc3 Nxe4
8. Qd3 Qe7 9. Nf5 Nc5+ 10. Nxe7 Nxd3+ 11. cxd3 Nxe7 12. Be2 O-O 13. O-O Re8 14.
Bg5 Nd5 15. Bd2 Rxe2 16. Rfe1 Rxe1+ 17. Rxe1 Nf6 18. Bg5 b6 19. Bxf6 gxf6 20.
Re8+ Kg7 21. h4 Bb7 22. Re7 Bc6 23. h5 f5 24. Re5 Kf6 25. d4 d6 26. Re3 f4 27.
Rd3 Be4 28. Rd2 Rg8 29. g3 fxg3 30. fxg3 Rxg3+ 31. Kh2 Rxc3 32. Rf2+ Rf3 33.
Re2 Kf5 34. a4 Kf4 35. Re1 Rf2+ 36. Kg1 Rg2+ 37. Kf1 Kf3 38. Ra1 Bd3+ 39. Ke1
Ke3 0-1

[Event "14.Zlata Praha-B"]
[Site "Praha"]
[Date "2018.07.02"]
[Round "3.16"]
[White "Rous, Dominik"]
[Black "Veselsky, Jan"]
[Result "0-1"]
[WhiteElo "1226"]
[BlackElo "1720"]
[PlyCount "42"]
[EventDate "2018.06.30"]
[EventType "swiss"]
[EventRounds "9"]
[EventCountry "CZE"]

1. d4 d5 2. Nf3 e6 3. Bf4 c5 4. c3 Nc6 5. e3 Nf6 6. Be2 Be7 7. Ne5 O-O 8. Nd2
Bd7 9. O-O Rc8 10. Bb5 Nxe5 11. dxe5 Bxb5 12. exf6 Bxf6 13. Re1 d4 14. cxd4
cxd4 15. Nf3 dxe3 16. Qxd8 exf2+ 17. Kxf2 Rfxd8 18. Be3 Rc2+ 19. Kg3 a6 20. a4
Bc6 21. Red1 Rd5 0-1

[Event "14.Zlata Praha-B"]
[Site "Praha"]
[Date "2018.07.02"]
[Round "3.17"]
[White "Zabehlicky, Jiri"]
[Black "Nemecek, Pavel ml."]
[Result "1-0"]
[WhiteElo "1490"]
[BlackElo "1383"]
[PlyCount "97"]
[EventDate "2018.06.30"]
[EventType "swiss"]
[EventRounds "9"]
[EventCountry "CZE"]

1. e4 d5 2. exd5 Qxd5 3. Nf3 Nf6 4. Nc3 Qa5 5. Be2 Bf5 6. d3 c6 7. O-O e6 8.
Bf4 Nbd7 9. a3 Nh5 10. b4 Qd8 11. Bd2 Bd6 12. Ng5 Nhf6 13. Nge4 Nxe4 14. dxe4
Bg6 15. Qe1 Qc7 16. h3 O-O-O 17. Be3 Nf6 18. Bd3 Be5 19. f3 Bg3 20. Bf2 Bxf2+
21. Qxf2 Kb8 22. Rfb1 Nd7 23. b5 Ne5 24. Bf1 cxb5 25. Nxb5 Qb6 26. Qxb6 axb6
27. Rd1 f5 28. exf5 Bxf5 29. c4 Bc2 30. Re1 Nc6 31. Rxe6 Rd7 32. Rae1 Rhd8 33.
Re8 Rxe8 34. Rxe8+ Rd8 35. Rxd8+ Nxd8 36. Kf2 Kc8 37. Ke3 Kd7 38. Nd4 Bb1 39.
Bd3 Bxd3 40. Kxd3 Ne6 41. Nxe6 Kxe6 42. g3 h6 43. Kd4 g6 44. h4 h5 45. g4 Kf6
46. gxh5 gxh5 47. Ke4 Ke6 48. f4 Kf6 49. f5 1-0

[Event "14.Zlata Praha-B"]
[Site "Praha"]
[Date "2018.07.02"]
[Round "3.18"]
[White "Tichy, Tomas"]
[Black "Tesar, Jakub"]
[Result "1/2-1/2"]
[WhiteElo "1180"]
[BlackElo "1299"]
[PlyCount "68"]
[EventDate "2018.06.30"]
[EventType "swiss"]
[EventRounds "9"]
[EventCountry "CZE"]

1. e4 e5 2. Nf3 Nc6 3. Bc4 Bc5 4. b4 Bxb4 5. c3 Bc5 6. d4 exd4 7. Qb3 Qe7 8.
O-O Nf6 9. e5 Ng4 10. Bb2 O-O 11. cxd4 Bb6 12. Re1 Na5 13. Qa4 Nxc4 14. Qxc4
Ba5 15. Re2 Qb4 16. Qc2 d6 17. Ba3 Qb6 18. h3 Nh6 19. Qe4 Bf5 20. Qf4 Bxb1 21.
Rb2 Qa6 22. Raxb1 dxe5 23. Nxe5 Bd2 24. Qxd2 Qxa3 25. Rxb7 Qd6 26. Qb4 Qxb4 27.
R1xb4 f6 28. Nc6 a5 29. Rb1 Rf7 30. Re1 Nf5 31. Rb5 g6 32. g4 Nh4 33. Re3 a4
34. Rb7 f5 1/2-1/2

[Event "14.Zlata Praha-B"]
[Site "Praha"]
[Date "2018.07.03"]
[Round "4.1"]
[White "Sakovski, Roman"]
[Black "Gregor, Jiri"]
[Result "0-1"]
[WhiteElo "1000"]
[BlackElo "2290"]
[PlyCount "90"]
[EventDate "2018.06.30"]
[EventType "swiss"]
[EventRounds "9"]
[EventCountry "CZE"]

1. Nf3 c5 2. e3 Nf6 3. b3 d5 4. Bb2 a6 5. c4 Nc6 6. Bxf6 exf6 7. cxd5 Qxd5 8.
Bc4 Qd8 9. O-O Be7 10. Nc3 O-O 11. Nd5 Bd6 12. a4 Be6 13. e4 Rb8 14. Qe2 Re8
15. Rfe1 b5 16. axb5 axb5 17. Nxf6+ Qxf6 18. Bxb5 Bd7 19. Ra6 Rxb5 20. Qxb5 Nb8
21. Qb7 Bxh2+ 22. Kxh2 Qxa6 23. Qxa6 Nxa6 24. Ra1 Nb4 25. Ra7 Bc6 26. e5 h6 27.
d4 Bxf3 28. gxf3 cxd4 29. f4 Rd8 30. Ra1 d3 31. Rd1 d2 32. Kg2 Na2 33. Kf3 Nc3
34. Rxd2 Rxd2 35. Ke3 Rb2 36. Kd4 Rxb3 37. Kc4 Ra3 38. Kb4 Nb1 39. f5 Rf3 40.
e6 Kf8 41. Kc5 Rxf5+ 42. Kd6 Rf6 43. f4 Rxe6+ 44. Kd7 h5 45. f5 Rf6 0-1

[Event "14.Zlata Praha-B"]
[Site "Praha"]
[Date "2018.07.03"]
[Round "4.2"]
[White "Rosenbaumova, Lea"]
[Black "Vit, Zdenek"]
[Result "1-0"]
[WhiteElo "1662"]
[BlackElo "1707"]
[PlyCount "77"]
[EventDate "2018.06.30"]
[EventType "swiss"]
[EventRounds "9"]
[EventCountry "CZE"]

1. e4 e5 2. Nf3 Nc6 3. d4 exd4 4. Nxd4 Bc5 5. Nb3 Bb6 6. Nc3 Qf6 7. f3 Nge7 8.
Qe2 O-O 9. Be3 Bxe3 10. Qxe3 a6 11. O-O-O d6 12. g4 Ne5 13. Be2 N5g6 14. Kb1
Be6 15. h4 Qf4 16. Qg1 Rfd8 17. Nc1 Ne5 18. Rh3 d5 19. Qc5 N5c6 20. exd5 b6 21.
Qc4 Qxc4 22. Bxc4 Na5 23. dxe6 Nxc4 24. exf7+ Kxf7 25. Nd3 Nd5 26. Nxd5 Rxd5
27. b3 Ne5 28. Nxe5+ Rxe5 29. Rd7+ Re7 30. Rxe7+ Kxe7 31. f4 Rd8 32. Kc1 Rd4
33. Rf3 h6 34. h5 Kf6 35. c3 Re4 36. Kd2 a5 37. a4 c6 38. Rf1 Ke6 39. Kd3 1-0